000 00810nam a22002417a 4500
003 dpl0
005 20180711144352.0
008 180711b xxu||||| |||| 00| 0 eng d0
010 _aA-939659
020 _c95.00
_a8120313798
035 _aA-939659,A-939667
037 _bCen Lib/Ret
040 _aDPL
_bEN
_c0
082 _a005.13
_bKHA
100 _aKhan, Waseemullah
_936306
245 _aFundamentals of job control language for the IBM mainframe /
_cby Waseemullah Khan
260 _aNew Delhi
_bPrentice Hall of India
_c1998
270 _aM-97, Connaught Circus
_bNew Delhi
_e110001
300 _axi,124p. :
_c22cm(Hb)
_bill.
650 _aJob Control Language (Computer program language)
_936307
650 _aComputer program language
_992402
942 _2ddc
_cEN
_h005.13
_mKHA
999 _c132960
_d132960